|
|
|
|
| LEADER |
03335nam a22003973i 4500 |
| 001 |
EBC7054369 |
| 003 |
MiAaPQ |
| 005 |
20231204023226.0 |
| 006 |
m o d | |
| 007 |
cr cnu|||||||| |
| 008 |
231204s2022 xx o ||||0 fre d |
| 020 |
|
|
|a 9782759235155
|q (electronic bk.)
|
| 035 |
|
|
|a (MiAaPQ)EBC7054369
|
| 035 |
|
|
|a (Au-PeEL)EBL7054369
|
| 035 |
|
|
|a (OCoLC)1338837887
|
| 040 |
|
|
|a MiAaPQ
|b eng
|e rda
|e pn
|c MiAaPQ
|d MiAaPQ
|
| 100 |
1 |
|
|a Rey-Valette, Hélène.
|
| 245 |
1 |
0 |
|a Infrastructures de Données Spatiales :
|b Évaluations économiques : Concepts, Méthodes et Retours D'expérience.
|
| 264 |
|
1 |
|a Versailles :
|b Quae,
|c 2022.
|
| 264 |
|
4 |
|c {copy}2023.
|
| 300 |
|
|
|a 1 online resource (123 pages)
|
| 336 |
|
|
|a text
|b txt
|2 rdacontent
|
| 337 |
|
|
|a computer
|b c
|2 rdamedia
|
| 338 |
|
|
|a online resource
|b cr
|2 rdacarrier
|
| 490 |
1 |
|
|a Guide Pratique Series
|
| 505 |
0 |
|
|a Intro -- Sommaire -- Remerciements -- Introduction -- Un guide sur l'évaluation socio-économique des infrastructures de données spatiales -- Un guide pour qui ? -- Un guide pour quoi ? -- Un guide comment ? -- 1. IDS, information géographique, télédétection -- Quelques définitions et éléments de cadrage -- Contexte des IDS en France et dans le monde -- Modèles de développement des IDG et IDS -- Périmètres fonctionnels des IDG et IDS vues par les concepteurs et les usagers -- Des études économiques peu nombreuses -- Absence de formations à l'évaluation économique des IDG/IDS -- 2. Enjeux, démarche et périmètre d'étude -- Modèles économiques des IDS -- Enjeux des évaluations socio-économiques -- Approche économique de la valeur -- Valeur des IDS -- Catégories d'effets des IDS et types d'approches -- Périmètre de l'évaluation : secteurs, filières, chaînes de valeur -- 3. Estimation de la valeur de l'imagerie satellitaire -- Principes -- Protocole de mise en œuvre d'une évaluation contingente -- Cas de l'évaluation des images haute résolution de l'IDS Geosud -- 4. Évaluation des retombées économiques -- Principes -- Protocole d'enquête et de mesure -- Cas de l'évaluation des cartes de coupes rases et d'occupation du sol -- Approches fondées sur la comptabilité nationale -- 5. Approches multicritères et participatives -- Principes -- Protocole d'enquête et de mesure -- Exemple d'effets organisationnels et institutionnels -- Conclusion -- Rappels des enjeux et du positionnement du guide -- Limites des évaluations -- Perspectives d'évolution -- Recommandations -- Bibliographie -- Glossaire -- Liste des sigles.
|
| 588 |
|
|
|a Description based on publisher supplied metadata and other sources.
|
| 590 |
|
|
|a Electronic reproduction. Ann Arbor, Michigan : ProQuest Ebook Central, 2023. Available via World Wide Web. Access may be limited to ProQuest Ebook Central affiliated libraries.
|
| 655 |
|
4 |
|a Electronic books.
|
| 700 |
1 |
|
|a Jabbour, Chady.
|
| 700 |
1 |
|
|a Maurel, Pierre.
|
| 700 |
1 |
|
|a Salles, Jean-Michel.
|
| 776 |
0 |
8 |
|i Print version:
|a Rey-Valette, Hélène
|t Infrastructures de Données Spatiales
|d Versailles : Quae,c2022
|
| 797 |
2 |
|
|a ProQuest (Firm)
|
| 830 |
|
0 |
|a Guide Pratique Series
|
| 856 |
4 |
0 |
|u https://ebookcentral.proquest.com/lib/matrademy/detail.action?docID=7054369
|z Click to View
|